Quality of working life : (Record no. 343865)
[ view plain ]
| 000 -LEADER | |
|---|---|
| fixed length control field | 00658 a2200193 4500 |
| 020 ## - INTERNATIONAL STANDARD BOOK NUMBER | |
| International Standard Book Number | 0029073804 |
| 020 ## - INTERNATIONAL STANDARD BOOK NUMBER | |
| International Standard Book Number | 9780029073803 |
| 082 04 - DEWEY DECIMAL CLASSIFICATION NUMBER | |
| Classification number | 301.55 |
| 090 ## - LOCALLY ASSIGNED LC-TYPE CALL NUMBER (OCLC); LOCAL CALL NUMBER (RLIN) | |
| -- | 1343 |
| -- | 1343 |
| 100 1# - MAIN ENTRY--PERSONAL NAME | |
| Personal name | Davis, Louis E. |
| 245 10 - TITLE STATEMENT | |
| Title | Quality of working life : |
| Remainder of title | problems, prospects and the state of the art / |
| Statement of responsibility, etc. | Louis E. Davis. |
| 260 ## - PUBLICATION, DISTRIBUTION, ETC. | |
| Place of publication, distribution, etc. | [S.l.] : |
| Name of publisher, distributor, etc. | Free Pr, |
| Date of publication, distribution, etc. | 1975. |
| 300 ## - PHYSICAL DESCRIPTION | |
| Extent | 450 p. |
| 500 ## - GENERAL NOTE | |
| General note | Paperback. |
| 700 1# - ADDED ENTRY--PERSONAL NAME | |
| Personal name | Cherns, Albert B. |
| 856 40 - ELECTRONIC LOCATION AND ACCESS | |
| Materials specified | Amazon.com |
| Uniform Resource Identifier | <a href="http://www.amazon.com/exec/obidos/ASIN/0029073804/chopaconline-20">http://www.amazon.com/exec/obidos/ASIN/0029073804/chopaconline-20</a> |
| 856 40 - ELECTRONIC LOCATION AND ACCESS | |
| Materials specified | Amazon customer reviews |
| Uniform Resource Identifier | <a href="http://www.chopac.org/cgi-bin/tools/azrev.pl?q=0029073804">http://www.chopac.org/cgi-bin/tools/azrev.pl?q=0029073804</a> |
| 942 ## - ADDED ENTRY ELEMENTS (KOHA) | |
| Institution code [OBSOLETE] | NBS |
| Koha item type | Book |
| Call number prefix | 301.55 QUA |
| Withdrawn status | Lost status | Damaged status | Not for loan | Permanent Location | Current Location | Date acquired | Total Checkouts | Full call number | Barcode | Date last seen | Price effective from | Koha item type |
|---|---|---|---|---|---|---|---|---|---|---|---|---|
| Central Library (CL) | Central Library (CL) | 08/28/2013 | 301.55 QUA | NBS535 | 08/28/2013 | 08/28/2013 | Book |
